000
00240nam a2200097Ia 4500
008
200302s9999 xx 000 0 und d
100
_a
Philip jodidio
245
_a
Shopping Architecture Now
260
_b
Techmedia Publishing
300
_a
415 P.,
999
_c
2889
_d
2889